E-conveyancing - the future here today? (Record no. 70895)
[ view plain ]
| 000 -LEADER | |
|---|---|
| fixed length control field | 01151cam a2200241 4500 |
| 001 - CONTROL NUMBER | |
| control field | ABS65770 |
| 008 - FIXED-LENGTH DATA ELEMENTS--GENERAL INFORMATION | |
| fixed length control field | 020805n2002 000 0 eng u |
| 035 ## - SYSTEM CONTROL NUMBER | |
| System control number | (Sirsi) u119177 |
| 100 ## - MAIN ENTRY--PERSONAL NAME | |
| Personal name | Brymer, S. |
| 245 ## - TITLE STATEMENT | |
| Title | E-conveyancing - the future here today? |
| 260 ## - PUBLICATION, DISTRIBUTION, ETC. | |
| Date of publication, distribution, etc. | 2002 |
| 490 ## - SERIES STATEMENT | |
| Series statement | Property Law |
| Volume/sequential designation | (58) July 2002, 5-7(3) |
| 520 ## - SUMMARY, ETC. | |
| Summary, etc. | It has been suggested that in the near future we will have an operational system of automated registration of title to land and the process of e-conveyancing will be well under way. Explains the concept of e-conveyancing and how other jurisdictions across the world are currently developing similar programmes to Registers of Scotland's Automated Registration of Title to Land (ARTL). Describes the ARTL pilot and how solicitors now should be acquainting themselves with the concept of electronic conveyancing |
| 590 ## - LOCAL NOTE (RLIN) | |
| Local note | ABS |
| 650 ## - SUBJECT ADDED ENTRY--TOPICAL TERM | |
| Topical term or geographic name entry element | ARTL |
| 650 ## - SUBJECT ADDED ENTRY--TOPICAL TERM | |
| Topical term or geographic name entry element | AUTOMATED LAND REGISTRATION SYSTEM |
| 650 ## - SUBJECT ADDED ENTRY--TOPICAL TERM | |
| Topical term or geographic name entry element | CONVEYANCING |
| 650 ## - SUBJECT ADDED ENTRY--TOPICAL TERM | |
| Topical term or geographic name entry element | ECONVEYANCING |
| 650 ## - SUBJECT ADDED ENTRY--TOPICAL TERM | |
| Topical term or geographic name entry element | ELECTRONIC REGISTRATION |
| 650 ## - SUBJECT ADDED ENTRY--TOPICAL TERM | |
| Topical term or geographic name entry element | SCOTLAND |
| 690 ## - LOCAL SUBJECT ADDED ENTRY--TOPICAL TERM (OCLC, RLIN) | |
| Topical term or geographic name as entry element | MANAGEMENT-BUSINESS MANAGEMENT-INFORMATION MANAGEMENT |
| 942 ## - ADDED ENTRY ELEMENTS (KOHA) | |
| Suppress in OPAC | 0 |
No items available.